Canto general

Na minha lista:
Detalhes bibliográficos
Autor principal: Neruda, Pablo
Formato: Livro
Idioma:Undetermined
Publicado em: Barcelona, España Bruguera 1984
Assuntos:
Tags: Adicionar Tag
Sem tags, seja o primeiro a adicionar uma tag!

MARC

LEADER 00000nam a2200000Ia 4500
008 170316s9999 xx 000 0 und d
040 |a cru BVZT 
090 |a 860 N-5c 
100 |a Neruda, Pablo 
245 |a Canto general 
260 |a Barcelona, España 
260 |b Bruguera 
260 |c 1984 
300 |a 436 páginas 
650 |a LITERATURA LATINOAMERICANA 
999 |c 9000  |d 9000 
942 |c 15 D  |h 860 N-5c  |2 z